| 000 | 01570nam a22004337a 4500 | ||
|---|---|---|---|
| 001 | 0033079 | ||
| 003 | KOHA_MİRAKIL | ||
| 005 | 20260207002845.0 | ||
| 007 | ta | ||
| 008 | 111013b1979 tu a|||gr||||#||||0|tur | | ||
| 040 |
_aTR-BiSEU _btur _cTR-BiSEU _erda |
||
| 041 | 0 | _atur | |
| 044 | _ctu | ||
| 050 |
_aKKX74 _b.H54 1979 |
||
| 245 | 0 | _aProf. Dr. Hıfzı Timur'un anısına armağan. | |
| 264 | 1 |
_aİstanbul : _bİstanbul Üniversitesi _c1979 |
|
| 300 |
_axxiii, 1087 sayfa : _bres. ; _c24 sm. |
||
| 336 |
_ametin _btxt _2rdacontent |
||
| 337 |
_aaracısız _bn _2rdamedia |
||
| 338 |
_acilt _bnc _2rdacarrier |
||
| 490 | 1 |
_aİstanbul Üniversitesi Yayınlarından ; _vNo : 2618. |
|
| 490 | 1 | _aHukuk Fakültesi No : 592. | |
| 490 | 1 |
_aMilletlerarası Hukuk ve Milletlerarası Münasebetler Enstitüsü ; _vNo : 13. |
|
| 650 | 0 |
_aTimur, Hıfzı,1909-. _964506 |
|
| 650 | 0 |
_aHukukçular--Türkiye. _964507 |
|
| 650 | 0 |
_aLawyers--Turkey. _917191 |
|
| 650 | 0 |
_aHukuk--Türkiye. _94192 |
|
| 650 | 0 |
_aLaw--Turkey. _94193 |
|
| 650 | 0 |
_aMedeni hukuk--Türkiye. _97301 |
|
| 650 | 0 |
_aCivil law--Turkey. _97300 |
|
| 650 | 0 |
_aCeza Hukuku--Türkiye. _964508 |
|
| 650 | 0 |
_aCriminal law--Turkey. _96942 |
|
| 650 | 0 |
_aHukuk--Söylevler,denemeler,konferanslar. _964509 |
|
| 650 | 0 |
_aLaw--Addresses, essays, lectures. _964510 |
|
| 830 | 1 |
_aİstanbul Üniversitesi Yayınlarından ; _vNo : 2618. _96963 |
|
| 830 | 1 |
_aHukuk Fakültesi No : 592. _964511 |
|
| 830 | 1 |
_aMilletlerarası Hukuk ve Milletlerarası Münasebetler Enstitüsü ; _vNo : 13. _964512 |
|
| 942 |
_2lcc _cBK |
||
| 999 |
_c33190 _d33190 |
||